01601cam a2200349 a 4500999001900000001000900019003000500028005001700033008004100050010001700091015001900108016001800127020003600145020001500181035002400196038001200220040003500232042000800267050002100275082001600296245010300312260005400415300004600469500002200515504005300537505041600590650004201006700002901048906004501077942001201122952011701134 c531719d53171915821600NUST20191024111604.0090717s2010 fluab b 001 0 eng  a 2009026759 aGBA9765192bnb7 a0153414662Uk a9780415549745 (hc : alk. paper) a0415549744 a(OCoLC)ocn427438296 aMSOHAIL aDLCcDLCdBWKUKdUKMdUWWdDLC apcc00aTC175b.P73 201000a627.04222200aPractical channel hydraulics :broughness, conveyance and afflux /cDonald W. Knight ... [et al.]. aBoca Raton [Fla.] ;aLondon :bCRC Press,cc2010. axxvi, 354 p. :bcol. ill., maps ;c25 cm. a"A Balkema book." aIncludes bibliographical references and indexes.0 a1. Introduction -- 2. Practical and theoretical issues in channel hydraulics -- 3. Understanding roughness, conveyance and afflux -- 4. Practical issues - roughness, conveyance and afflux -- 5. Further issues on flows in rivers -- 6. Concluding remarks -- App. 1. finite element approximations for the CES equations -- App. 2. Summary of hydraulic equations used in the AES -- App. 3. Cross-section survey data. 0aChannels (Hydraulic engineering)95611 aKnight, Donald W.924687 a7bcbccorignewd1eecipf20gy-gencatlg 2ddccBK 00102ddc4070aNITbNITd2019-10-24l1o627.042pNIT-11651q2026-02-25r2025-10-28s2025-10-28w2019-10-24yBK